<?xml version="1.0" encoding="UTF-8"?>
<record
    xmlns:xsi="http://www.w3.org/2001/XMLSchema-instance"
    xsi:schemaLocation="http://www.loc.gov/MARC21/slim http://www.loc.gov/standards/marcxml/schema/MARC21slim.xsd"
    xmlns="http://www.loc.gov/MARC21/slim">

  <leader>01221cam1a220024100 4500</leader>
  <controlfield tag="001">tmp15472242</controlfield>
  <controlfield tag="003">UPRA</controlfield>
  <controlfield tag="005">20190830105306.0</controlfield>
  <controlfield tag="008">950823s1967    ii                  eng u</controlfield>
  <datafield tag="035" ind1=" " ind2=" ">
    <subfield code="a">(Sirsi) r112742</subfield>
  </datafield>
  <datafield tag="035" ind1=" " ind2=" ">
    <subfield code="a">(UPRA)tmp15472242</subfield>
  </datafield>
  <datafield tag="040" ind1=" " ind2=" ">
    <subfield code="c">UPRA</subfield>
  </datafield>
  <datafield tag="100" ind1="1" ind2=" ">
    <subfield code="a">Pandey, R. K.</subfield>
    <subfield code="6">A74256.1</subfield>
  </datafield>
  <datafield tag="245" ind1="1" ind2="0">
    <subfield code="a">Exhaustive commentaries on Madhya Pradesh Co-operative Societies Act, 1960 (Act no. 17 of 1961) :</subfield>
    <subfield code="b">with allied acts, rules and notifications etc. /</subfield>
    <subfield code="c">by R.K. Pandey and N.K. Pandey.</subfield>
  </datafield>
  <datafield tag="250" ind1=" " ind2=" ">
    <subfield code="a">2nd rev. and enl. ed. / with a foreword by Kailash Nath Katju.</subfield>
    <subfield code="b">2nd rev. and enl. ed. / with a foreword by Kailash Nath Katju.</subfield>
  </datafield>
  <datafield tag="260" ind1=" " ind2=" ">
    <subfield code="a">Jabalpur :</subfield>
    <subfield code="b">M.P. Law House,</subfield>
    <subfield code="c">1967.</subfield>
  </datafield>
  <datafield tag="500" ind1=" " ind2=" ">
    <subfield code="a">Includes legislation.</subfield>
  </datafield>
  <datafield tag="650" ind1=" " ind2="0">
    <subfield code="a">Cooperative societies -- Madhya Pradesh -- India -- Law.</subfield>
    <subfield code="z">Cooperative societies -- Madhya Pradesh -- India -- Law.</subfield>
    <subfield code="z">Cooperative societies -- Madhya Pradesh -- India -- Law.</subfield>
    <subfield code="x">Cooperative societies -- Madhya Pradesh -- India -- Law.</subfield>
    <subfield code="6">S55430.1</subfield>
  </datafield>
  <datafield tag="700" ind1="1" ind2=" ">
    <subfield code="a">Pandey, N. K.</subfield>
    <subfield code="6">A74257.1</subfield>
  </datafield>
  <datafield tag="710" ind1="1" ind2=" ">
    <subfield code="a">Madhya Pradesh (India). Laws, etc.</subfield>
    <subfield code="t">Madhya Pradesh (India). Laws, etc.</subfield>
    <subfield code="6">A74258.1</subfield>
  </datafield>
  <datafield tag="949" ind1=" " ind2=" ">
    <subfield code="a">KF2911</subfield>
    <subfield code="w">lcc</subfield>
    <subfield code="i">33729001492904</subfield>
    <subfield code="m">MAIN</subfield>
    <subfield code="p">2500</subfield>
    <subfield code="t">BOOK</subfield>
    <subfield code="l">ON-SHELF</subfield>
  </datafield>
  <controlfield tag="004">112742</controlfield>
  <datafield tag="999" ind1=" " ind2=" ">
    <subfield code="c">186632</subfield>
    <subfield code="d">186632</subfield>
  </datafield>
</record>
